| 000 | 00623nam a22001697a 4500 | ||
|---|---|---|---|
| 003 | CEME | ||
| 005 | 20210628203617.0 | ||
| 008 | 210316b xxu||||| |||| 00| 0 eng d | ||
| 020 | _a0-387-96656-0 | ||
| 040 | _c. | ||
| 082 | _a621.89 APP'L | ||
| 100 |
_aLing, F. F , Pan, C. H. T _966531 |
||
| 245 | _aApproaches to modeling of friction and wear , proceedings of the workshop on the use of surface defermation models to predict tribology behavior dec 17-19 1984 | ||
| 260 |
_aLONDON _bSPRINGER VERLAG _c1988 |
||
| 650 |
_aTRIBOLOGY MATHEMATICAL MODELS CONGRESSES SURFACES TECHNOLOGY CONGRESSES _966532 |
||
| 942 |
_cBK _2ddc |
||
| 999 |
_c574494 _d574494 |
||